Những bài tập vật lý cơ bản hay khó trong chương trình PTTH

Wedi'i Gadw mewn:
Manylion Llyfryddiaeth
Prif Awdur: NGUYỄN PHÚC THUẦN
Fformat: Llyfr
Iaith:Undetermined
Cyhoeddwyd: ĐHQG Hà Nội 2001
Tagiau: Ychwanegu Tag
Dim Tagiau, Byddwch y cyntaf i dagio'r cofnod hwn!
Thư viện lưu trữ: Trung tâm Học liệu Trường Đại học Cần Thơ
LEADER 00481nam a2200145Ia 4500
001 CTU_49978
008 210402s9999 xx 000 0 und d
082 |a 530.076 
082 |b Th502/T2 
100 |a NGUYỄN PHÚC THUẦN 
245 0 |a Những bài tập vật lý cơ bản hay khó trong chương trình PTTH 
245 0 |c NGUYỄN PHÚC THUẦN 
260 |b ĐHQG Hà Nội 
260 |c 2001 
980 |a Trung tâm Học liệu Trường Đại học Cần Thơ